Normal view
MARC view
- Linus Pauling and E. Bright Wilson, jr.
Entry Personal Name
001 - CONTROL NUMBER
- control field: 10542
003 - CONTROL NUMBER IDENTIFIER
- control field: NUST
005 - DATE AND TIME OF LATEST TRANSACTION
- control field: 20180528064246.0
008 - FIXED-LENGTH DATA ELEMENTS
- fixed length control field: 180528|| aca||aabn | a|a d
040 ## - CATALOGING SOURCE
- Original cataloging agency: NUST
- Transcribing agency: NUST
100 ## - HEADING--PERSONAL NAME
- Personal name: Linus Pauling and E. Bright Wilson, jr.
670 ## - SOURCE DATA FOUND
- Source citation: Work cat.: (NUST): Linus Pauling and E. Bright Wilson, jr., Introduction to Quantum Mechanics With Applications to Chemistry , 1962
